000 00753nam a22002297a 4500
942 _cBK
999 _c837
_d837
005 20250420134826.0
008 230820b ||||| |||| 00| 0 eng d
020 _a9780415671408
040 _cKCST
082 _a658.4
_bOr
100 _aMariaLaura Di Domenico (editor)
_95770
245 _aOrganizational collaboration :
_bthemes and issues /
_cMariaLaura Di Domenico et al. (Editors)
260 _aAbingdon, Oxon;
_bRoutledge;
_c2011
300 _axii, 276 pages :
_billustrations ; 24 cm
650 _aOrganizational behavior
_91289
700 _aVangen, Siv
_eEditor
_95771
700 _aWinchester, Nik
_eEditor
_95772
700 _aBoojihawon, Dev Kumar
_eEditor
_95773
700 _aMordaunt, Jill
_eEditor
_95774
942 _2ddc